000 00626nam a2200253Ia 4500
005 20250425160729.0
008 250425s9999 xx 000 0 und d
020 _a9681833376
041 _aspa
082 _a549
100 _aKELLY, ERROL G.
245 0 _aINTRODUCCION AL PROCESAMIENTO DE MINERALES
250 _a1A ED.
260 _aMEXICO
260 _aMéxico
_bLimusa
_c1990
300 _a530
650 _aACEITES MINERALES-ANALISIS
650 _aANALISIS COSTO-BENEFICIO
650 _aDINAMICA DE FLUIDOS
650 _aMINERALOGIA
700 _aSPOTTISWOOD, DAVID J
942 _c01
010 _a3691
999 _c195003
_d195003